Die Pfefferkörner - 1. Generation - Statistiken

Allgemein
  • Dieses Quiz wurde 144 mal gespielt
  • Das Durchschnittsergebnis liegt bei 5 aus 6
Antwortstatistiken
Bildquiz Antwort % Korrekt
Natascha Jaonzäns
98%
Philipp "Fiete" Overbeck
95%
Vivien "Vivi" Overbeck
91%
Cem Gülec
89%
Jana Holstein-Coutré
83%
Cola
71%
Keine übereinstimmenden Quizze gefunden
Verteilung der Resultate
Anzahl Personen mit jedem Resultat
Perzentil nach korrekt beantworteten Fragen
Ihre Resultats-Entwicklung
Sie haben dieses Quiz noch nicht gespielt